000 01862nam a2200313 i 4500
001 193541
003 ES-MaACL
005 20250708202627.0
007 ta
008 240105s2023 sp ||||| |||| 00| 0 spa d
020 _a9788412635751
040 _cES-MaACL
100 _aArnás, Federico
_9234844
_eaut
245 1 1 _a¡Qué sabrás tú -- de toros! :
_b365 preguntas que todo aficionado se ha hecho alguna vez /
_cFernando Arnás ; ilustraciones de Vicente Arnás
250 _a1ª edición: septiembre 2023
260 _a[Córdoba] :
_bEl Paseíllo Editorial,
_c2023.
300 _a272 páginas ;
_c21 cm
490 1 _aToros en la historia
520 _aSi quieres saber cuánto sabes de toros, si quieres saber más o quieres empezar a saber de toros... Un magnífico libro juego del prestigioso periodista Federico Arnás. 365 preguntas que todo aficionado se ha hecho alguna vez, con tres opciones y la respuesta comentada en preciosos artículos llenos de datos, sabor, anécdota e historia... Por el conocido periodista de RTVE, Federico Arnás, cara muy conocida de programas y retransmisiones taurinas y actualmente en Telemadrid y en RNE. Un divertido trivial taurino, pero lleno de datos de la erudita y completa biblioteca personal del autor.
650 4 _917288
_aTauromaquia
700 _aArnás, Vicente
_9235138
_eill
830 _aToros en la historia
_9235139
852 _aES-MaACL
_bR.154875
_cDEPOJ
_jN-9724
_hDonación: Federico Arnás
_gDedicatoria autógrafa del autor
_9201307
_xEncuadernación rústica con solapas
942 _n0
_cMONOGRAFIA
999 _c193541
_d193541